000 00664cam a2200145 4500500
005 20260208005959.0
041 _afre
042 _adc
100 1 0 _aDahan, Jacques-Remi
_eauthor
245 0 0 _aGÉRARD DE NERVAL, Histoire véridique du canard et autres textes. Édition préfacée et annotée par JEAN-LUC STEINMETZ. S.l. [Bordeaux], Le Castor Astral, 2008. Un vol. 12 × 18,8 de 231 p.
260 _c2010.
500 _a24
786 0 _nRevue d'histoire littéraire de la France | 109 | 4 | 2010-01-06 | p. 937z-980z | 0035-2411
856 4 1 _uhttps://shs.cairn.info/revue-d-histoire-litteraire-de-la-france-2009-4-page-937z?lang=fr&redirect-ssocas=7080
999 _c1654686
_d1654686